00602nam a2200181 a 4500008004100000020001500041020001500056050001500071100002700086245004300113260005500156300001900211350000900230500006400239650002200303650003100325856006400356120416s1990 ||||||||||||||||| || u a0691028575 a0691028575 aHB 846 Esp aEsping-Andersen, Gosta14aThe three worlds of welfare capitalism aPrinceton, N.J.:bPrinceton University Pressc1990 axi, 248p.: ill a0.00 aIncludes bibliographical references (p. 230-243) and index. 0aWELFARE ECONOMICS aCAPITALISM--SOCIAL ASPECTS uhttp://www.loc.gov/catdir/description/prin021/89024254.html